Welcome to CU Library Online Public Access Catalogue (OPAC)

Brunner & Suddarth's Textbook of Medical- Surgical Nursing (Record no. 7819)

MARC details
000 -LEADER
fixed length control field 00581nam a22001817a 4500
005 - DATE AND TIME OF LATEST TRANSACTION
control field 20251027161816.0
008 - FIXED-LENGTH DATA ELEMENTS--GENERAL INFORMATION
fixed length control field 251027b |||||||| |||| 00| 0 eng d
020 ## - INTERNATIONAL STANDARD BOOK NUMBER
International Standard Book Number 9781608310807
050 ## - LIBRARY OF CONGRESS CALL NUMBER
Classification number RT41
Item number .T46
245 ## - TITLE STATEMENT
Title Brunner & Suddarth's Textbook of Medical- Surgical Nursing
Statement of responsibility, etc. Suzanne C. Smeltzer et al.,
250 ## - EDITION STATEMENT
Edition statement 12th ed.
260 ## - PUBLICATION, DISTRIBUTION, ETC.
Place of publication, distribution, etc. Philadelphia
Name of publisher, distributor, etc. Wolters Kluwer/Lippincott Williams & Wilkins
Date of publication, distribution, etc. 2010
300 ## - PHYSICAL DESCRIPTION
Extent xxvii. 2240p.
Other physical details ill. color
Dimensions 28cm
500 ## - GENERAL NOTE
General note includes index
650 ## - SUBJECT ADDED ENTRY--TOPICAL TERM
Source of heading or term Nursing
700 ## - ADDED ENTRY--PERSONAL NAME
Personal name Smeltzer, C. Suzanne
942 ## - ADDED ENTRY ELEMENTS (KOHA)
Source of classification or shelving scheme Library of Congress Classification
Koha item type Books
Edition 12th ed.
Suppress in OPAC No
999 ## -
-- 7819
-- 7819
Holdings
Withdrawn status Lost status Source of classification or shelving scheme Damaged status Not for loan Collection Home library Current library Shelving location Date acquired Total checkouts Full call number Barcode Date last seen Copy number Price effective from Koha item type
    Library of Congress Classification     Non-fiction Science Library (Miotso) Science Library (Miotso) General stacks 10/27/2025   RT41 .T46 BRU SLM00004592 10/27/2025 1 10/27/2025 Books
    Library of Congress Classification     Non-fiction Science Library (Miotso) Science Library (Miotso) General stacks 10/27/2025   RT41 .T46 BRU SLM00004593 10/27/2025 2 10/27/2025 Books
© 2023-2024 Copyright: Central University Libraries. All Rights Reserved | Created by: Mahone Tech Office